000 01079nam a2200265 a 4500
001 25095
003 CO-ViMGA
008 141112s2004 ck r 000 u spa d
020 _a020160101X
035 _aAFE9379 LA
040 _aCO-ViMGA
_bspa
_cCO-ViMGA
041 _aspa eng
082 0 4 _a621.3192 N457
100 1 _aNilsson, James W.
_938223
245 1 0 _aCircuitos eléctricos /
_cJames W. Nilsson ; con contribuciones de Susan A. Riedel, David P. Shattuck, Norman Wittels ; versión en español de Ernesto Morales Peake ; con la colaboración técnica de José Luis Sebastián Franco.
250 _a4a. ed.
260 _aWilmington :
_bAddison - Wesley IberoAméricana,
_c1995.
300 _axxiv, 981 p. : il. ; 23 cm.
500 _aIncluye índice.
650 1 4 _aCircuitos eléctricos.
700 1 _aRiedel, Susan A.
_938224
942 _2ddc
_cBK
999 _c32727
_d32727